| 000 | 01574nam a2200505 i 4500 | ||
|---|---|---|---|
| 001 | 37646 | ||
| 003 | KOSZ 005 | ||
| 005 | 20220311090142.0 | ||
| 008 | 990731s1999 pl |000 0 pol | ||
| 015 | _aUWD 1999/11830 | ||
| 020 | _a8371102755 | ||
| 035 | _a991010858799705066 | ||
| 035 | _a(PL-WaBN)b12954627-48omnis_nlop | ||
| 035 | _ab12954627 | ||
| 035 | _a(OCoLC)830259759 | ||
| 035 | _azz2003952510 | ||
| 035 | _a(PL)b0000001295462 | ||
| 035 | _a(EXLNZ-48OMNIS_NETWORK)9910165106805606 | ||
| 040 |
_aWA N _cWA N _dTOR U _dKOSZ 005/HR |
||
| 041 | 0 | _apol | |
| 046 | _k1999 | ||
| 080 | _a347.74(438):366 | ||
| 100 | 1 |
_aŁętowska, Ewa _d(1940- ) _eAutor |
|
| 245 | 1 | 0 |
_aPrawo umów konsumenckich / _cEwa Łętowska. |
| 260 |
_aWarszawa : _bC. H. Beck, _c1999. |
||
| 300 |
_aLX, 651 s. ; _c23 cm. |
||
| 336 |
_aTekst _btxt _2rdacontent |
||
| 337 |
_aBez urządzenia pośredniczącego _bn _2rdamedia |
||
| 338 |
_aWolumin _bnc _2rdacarrier |
||
| 380 | _aKsiążki | ||
| 388 | _a1901-2000 | ||
| 388 | _a1989-2000 | ||
| 490 | 1 | _aZarys Prawa | |
| 650 | 7 |
_aKonsumenci (ekonomia) _2DBN |
|
| 650 | 7 | _aPrawo handlowe | |
| 650 | 7 |
_aUmowy handlowe _2DBN |
|
| 651 | 7 | _aPolska | |
| 658 | _aPrawo i wymiar sprawiedliwości | ||
| 658 | _aGospodarka, ekonomia, finanse | ||
| 710 | 2 |
_aWydawnictwo C.H. Beck _4pbl |
|
| 830 | 0 | _aZarys Prawa | |
| 856 |
_uhttp://koha.tu.koszalin.pl/cgi-bin/koha/opac-detail.pl?biblionumber=37646 _yKatalog online BPK |
||
| 942 |
_2UKD _cKS |
||
| 999 |
_c37646 _d37646 |
||